000 00624nam a22002057a 4500
005 20170124110248.0
010 _a300589
020 _c00.00
035 _a300589
037 _bCen Lib/Ret
040 _aDPL
_bEN
082 _a881
_bPEO
245 _aThe people speak out :
_ctranslated by Rewi Alley
_btranslations of poems and songs of the people of China /
260 _aChina
_bPeking
_c1954
300 _ax,107p.
_c18cm(Hb)
650 _aChinese poetry -- Translations into English.
_998105
650 _aChina -- Poetry.
_998106
700 _aAlley, Rewi
_998107
942 _2ddc
_cEN
_h881
_mPEO
999 _c135708
_d135708